| 000 | 01764nam a22004097a 4500 | ||
|---|---|---|---|
| 001 | 0065997 | ||
| 003 | KOHA_MİRAKIL | ||
| 005 | 20260207004624.0 | ||
| 007 | ta | ||
| 008 | 210304b1988 tu |||gr||||#0|||0|ota | | ||
| 040 |
_aTR-BiSEU _btur _cTR-BiSEU _erda |
||
| 041 | 0 | _aota | |
| 044 | _ctu | ||
| 050 |
_aBP189.23 _b.S56 1988 |
||
| 100 | 1 | _aSimnānī, Aḥmad ibn Muḥammad. | |
| 240 | 1 | 0 |
_a'Alâ' Üddevle Simnânî : küçük eserleri _lOsmanlıca |
| 245 | 1 |
_a'Alā' Uddawla Simnānī : _bopera minora = _b'Alâ' Üddevle Simnânî : _b küçük eserleri/ _cAḥmad ibn Muḥammad Simnānī ; 'Alâ'uddawla Simnânî ; edited by W.M. Thackston, Jr.. |
|
| 264 | 1 |
_a[Cambridge, Mass.] : _bHarvard Univesity Office of the University Publisher _c1988 |
|
| 300 |
_axxxi, 263 pages ; _c 28 cm. |
||
| 336 |
_ametin _btxt _2rdacontent |
||
| 337 |
_aaracısız _bn _2rdamedia |
||
| 338 |
_acilt _bnc _2rdacarrier |
||
| 490 | 1 |
_aDoğu dilleri ve edebiyatlarının kaynakları ; _v10. |
|
| 490 | 1 |
_a Islam kaynakları ; _v2 = _a Sources of Oriental languages and literatures ; _v10. |
|
| 490 | 1 |
_a Islamic sources ; _v2 |
|
| 500 | _aTitle on added t.p.: Küçük eserleri. | ||
| 500 | _aTitle on p. [4] of cover: Rasâ'il. | ||
| 500 | _aIncludes bibliographical references and indexes. | ||
| 500 | _aText in Mediaeval Persian and Arabic; introductory matter in English. | ||
| 650 | 0 |
_aTasavvuf -- 1800'e kadar erken eserler. _9124312 |
|
| 650 | 0 |
_aSufism--Early works to 1800. _910678 |
|
| 830 | 1 |
_aDoğu dilleri ve edebiyatlarının kaynakları ; _v10. _985097 |
|
| 830 | 1 |
_a Islam kaynakları ; _v2 = _a Sources of Oriental languages and literatures ; _v10. _9124313 |
|
| 830 | 1 |
_a Islamic sources ; _v2 _9124288 |
|
| 907 | _aDin | ||
| 942 |
_2lcc _cBK |
||
| 999 |
_c66380 _d66380 |
||